| 000 | 00487nab a2200145Ia 4500 | ||
|---|---|---|---|
| 003 | ES-SlBCS | ||
| 005 | 20210601134614.0 | ||
| 008 | 140529s1980 xxu||||| |||| 00| 0 spa d | ||
| 041 | _aspa | ||
| 100 | 1 |
_aHenríquez, J. V. _9220333 |
|
| 245 | 0 | 0 |
_aEl humanismo de Gabriel Marcel en su último Diario: En camino, ¿hacia cuál despertar? _c J. V. Henríquez |
| 600 | 1 | 4 |
_aMarcel, Gabriel _d, 1889-1973 _9100659 |
| 773 | 0 |
_tAnthropos _gvol. 1, nº. 1, 1980, págs. 23-48 _wRev38 |
|
| 942 | _cAR | ||
| 999 |
_c615156 _d615156 |
||